Constructing ethnopolitics in the Soviet Union (Record no. 207766)
[ view plain ]
| 000 -LEADER | |
|---|---|
| fixed length control field | 01928nam a2200349Ia 4500 |
| 082 04 - DEWEY DECIMAL CLASSIFICATION NUMBER | |
| Classification number | 323.1/47/0904 |
| 100 1# - MAIN ENTRY--AUTHOR NAME | |
| Personal name | Zisserman-Brodsky, Dina. |
| 245 10 - TITLE STATEMENT | |
| Title | Constructing ethnopolitics in the Soviet Union |
| 260 ## - PUBLICATION, DISTRIBUTION, ETC. (IMPRINT) | |
| Place of publication | New York : |
| Name of publisher | Palgrave, |
| Year of publication | 2003. |
| 300 ## - PHYSICAL DESCRIPTION | |
| Number of Pages | xi, 294 p. |
| 505 0# - FORMATTED CONTENTS NOTE | |
| Formatted contents note | Ch. 1. Introduction: Theoretical Perspective and Focus on Inquiry -- Ch. 2. Soviet Nationality Policy: Theory and Practice -- Ch. 3. The Modernization Process and Ethnonationalism -- Ch. 4. Relative Deprivation and the Politicization of Ethnic Groups -- Ch. 5. Ethnic Organizations, Programs, and Demands -- Ch. 6. Legitimizing Sources of Ethnic Politics -- Ch. 7. The Problem of Orientation: Ethnocentrism - Polycentrism -- Ch. 8. Samizdat and Ethnic Mobilization -- App. The Relevant Nationalities - Basic Facts. |
| 650 #0 - SUBJECT ADDED ENTRY--TOPICAL TERM | |
| Topical Term | Minorities |
| Topical Term | Nationalism |
| 856 40 - ELECTRONIC LOCATION AND ACCESS | |
| Uniform Resource Identifier | http://site.ebrary.com/lib/rucke/Doc?id=10115191 |
No items available.
